000 00306nam a2200133Ia 4500
005 20251222152044.0
008 251222s9999||||xx |||||||||||||| ||spa||
082 _a633.18/M28
100 _aMatsuo, Takane
245 0 _aScience of The Rice Plant
250 _a1ra.ed.
264 _bNobunkyo
942 _cLIB
999 _c26176
_d26176